| 000 | 01624nam a22003494a 4500 | ||
|---|---|---|---|
| 001 | ebr10173637 | ||
| 003 | CaPaEBR | ||
| 006 | m u | ||
| 007 | cr cn||||||||| | ||
| 008 | 060424s2007 mauag sb 001 0 eng | ||
| 010 | _z 2006046159 | ||
| 015 |
_aGBA678161 _2bnb |
||
| 016 | 7 |
_z013552128 _2Uk |
|
| 020 | _z0262201666 (alk. paper) | ||
| 020 | _z9780262201667 (alk. paper) | ||
| 040 |
_aCaPaEBR _cCaPaEBR |
||
| 035 | _a(OCoLC)290542074 | ||
| 050 | 1 | 4 |
_aML3838 _b.T46 2007eb |
| 082 | 0 | 4 |
_a781.2 _222 |
| 100 | 1 | _aTemperley, David. | |
| 245 | 1 | 0 |
_aMusic and probability _h[electronic resource] / _cDavid Temperley. |
| 260 |
_aCambridge, Mass. : _bMIT Press, _cc2007. |
||
| 300 |
_axi, 244 p. : _bill., music. |
||
| 504 | _aIncludes bibliographical references (p. [225]-235) and indexes. | ||
| 505 | 0 | _aProbabilistic foundations and background -- Melody I : the rhythm model -- Melody II : the pitch model -- Melody III : expectation and error detection -- A polyphonic key-finding model -- Applications of the polyphonic key-finding model -- Bayesian models of other aspects of music -- Style and composition -- Communicative pressure. | |
| 533 |
_aElectronic reproduction. _bPalo Alto, Calif. : _cebrary, _d2013. _nAvailable via World Wide Web. _nAccess may be limited to ebrary affiliated libraries. |
||
| 650 | 0 |
_aMusical perception _xMathematical models. |
|
| 650 | 0 | _aMusic and probability. | |
| 655 | 7 |
_aElectronic books. _2local |
|
| 710 | 2 | _aebrary, Inc. | |
| 856 | 4 | 0 |
_uhttp://site.ebrary.com/lib/rucke/Doc?id=10173637 _zAn electronic book accessible through the World Wide Web; click to view |
| 999 |
_c247919 _d247919 |
||